00321nam a2200109Ia 4500008004000000020001800040082001600058100003300074245005200107260003900159300001300198210210b1992 xxu||||| |||| 00| 0 eng d a81 7054 151 4 a070.19 HANV aHANSRA (B S) & MATHUR (P N). aVideo in rural development: production and use. aNDbClassical Publishing Co.c1992 aviii,128